| 000 | 00411nam a2200145Ia 4500 | ||
|---|---|---|---|
| 008 | 240729s9999 xx 000 0 und d | ||
| 022 | _a2345-0126 | ||
| 245 | 0 | _aSocial Transformations in Contemporary Society | |
| 260 | _aLithuania | ||
| 260 | _bMykolas Romeris University | ||
| 650 | _aSocial Sciences | ||
| 856 | _uhttps://doaj.org/toc/10a40108dbb94e3ba8a9f3346a3590b7 | ||
| 942 | _2ddc | ||
| 942 | _cDOAJEJ | ||
| 999 |
_c66208 _d66208 |
||
| 945 |
_a1 _bMadushi Gamage _c1 _dMadushi Gamage |
||